LEADER 01239nam0 22003013i 450 001 SUN0062376 005 20071203120000.0 010 $a88-13-25973-5 100 $a20071203d2005 |0itac50 ba 101 $aita 102 $aIT 105 $a|||| ||||| 200 1 $aDiritti dell'investitore e dell'azionista nell'OPA obbligatoria$fGianluca Romagnoli 210 $aPadova$cCEDAM$d2005 215 $axii, 219 p.$d22 cm. 410 1$1001SUN0009424$12001 $aBiblioteca giuridica. Attualitą$v35$1210 $aPadova$cCEDAM. 606 $aAzionisti$xDiritto$2FI$3SUNC023251 606 $aBeni economici$xInvestimenti$xDiritto$2FI$3SUNC023252 620 $dPadova$3SUNL000007 676 $a346.06626$v21 700 1$aRomagnoli$b, Gianluca$3SUNV008567$0414850 712 $aCEDAM$3SUNV005537$4650 801 $aIT$bSOL$c20181109$gRICA 912 $aSUN0062376 950 $aUFFICIO DI BIBLIOTECA DEL DIPARTIMENTO DI GIURISPRUDENZA$d00 CONS VI.Eg.204 $e00 33630 995 $aUFFICIO DI BIBLIOTECA DEL DIPARTIMENTO DI GIURISPRUDENZA$h33630$kCONS VI.Eg.204$oc$qa 996 $aDiritti dell'investitore e dell'azionista nell'OPA obbligatoria$91056962 997 $aUNICAMPANIA LEADER 01039nas 2200337-a 450 001 996417741103316 005 20240413022952.0 035 $a(CKB)110978978741631 035 $a(CONSER)---91647406- 035 $a(EXLCZ)99110978978741631 100 $a19870102c1986uuuu --- a 101 0 $aeng 181 $ctxt$2rdacontent 182 $cc$2rdamedia 183 $acr$2rdacarrier 200 02$aL'Apache $ean international journal of literature & art 210 $aWofford Heights, CA $cW. Jackson$d[1986- 215 $a1 online resource 300 $aTitle from cover. 311 08$aPrint version: Apache (Wofford Heights, Calif.) 0892-0974 (DLC) 91647406 (OCoLC)15029771 606 $aArts, Modern$y20th century$vPeriodicals 606 $aArts, Modern$2fast$3(OCoLC)fst00818137 608 $aPeriodicals.$2fast 615 0$aArts, Modern 615 7$aArts, Modern. 676 $a700/.5 906 $aJOURNAL 912 $a996417741103316 920 $aexl_impl conversion 996 $aL'Apache$92573435 997 $aUNISA